Focus (Record no. 82952)
[ view plain ]
| 000 -LEADER | |
|---|---|
| fixed length control field | 01341cab a22002535a 4500 |
| 001 - CONTROL NUMBER | |
| control field | L152377 |
| 008 - FIXED-LENGTH DATA ELEMENTS--GENERAL INFORMATION | |
| fixed length control field | 110228e20110226xxk 000 0 eng d |
| 035 ## - SYSTEM CONTROL NUMBER | |
| System control number | (Sirsi) u152377 |
| 041 0# - LANGUAGE CODE | |
| Language code of text/sound track or separate title | eng |
| 100 1# - MAIN ENTRY--PERSONAL NAME | |
| Personal name | Simmons, Mark |
| 245 00 - TITLE STATEMENT | |
| Title | Focus |
| Remainder of title | Cambridge, Norfolk and Suffolk |
| 260 ## - PUBLICATION, DISTRIBUTION, ETC. | |
| Date of publication, distribution, etc. | 2011 |
| 490 ## - SERIES STATEMENT | |
| Series statement | Estates Gazette |
| Volume/sequential designation | (1108) 26 February 2011, 91-87(16) |
| 520 ## - SUMMARY, ETC. | |
| Summary, etc. | Reviews occupiers requirements from a range of companies including Jeyes Group relocating from Thetford to Cambridge Science Park representing the relocation occupier (offices) category and Group Lotus high-end manufacturer and automotive engineering company representing the owner-occupier (industrial/offices). The Cambridge offices and science parks focusing on rents, take up and availability. The future role of the New Anglia Local Enterprise Partnership Development Group, profiles Norwich based developer Targetfellow, proposals for a Norwich relief road. Office availability, take up, occupiers' requirements by size, total returns and rents in Cambridge, Ipswich and Norwich. |
| 590 ## - LOCAL NOTE (RLIN) | |
| Local note | KA |
| 651 #4 - SUBJECT ADDED ENTRY--GEOGRAPHIC NAME | |
| Geographic name | Cambridge |
| 651 #4 - SUBJECT ADDED ENTRY--GEOGRAPHIC NAME | |
| Geographic name | Norfolk |
| 651 #4 - SUBJECT ADDED ENTRY--GEOGRAPHIC NAME | |
| Geographic name | Suffolk |
| 690 ## - LOCAL SUBJECT ADDED ENTRY--TOPICAL TERM (OCLC, RLIN) | |
| Topical term or geographic name as entry element | PROPERTY-COMMERCIAL PROPERTY-COMMERCIAL PROPERTY MARKET |
| 700 1# - ADDED ENTRY--PERSONAL NAME | |
| Personal name | Cunningham, David |
| 700 1# - ADDED ENTRY--PERSONAL NAME | |
| Personal name | Clarkson, Melanie |
| 700 1# - ADDED ENTRY--PERSONAL NAME | |
| Personal name | Meadwell, Stacey |
| 942 ## - ADDED ENTRY ELEMENTS (KOHA) | |
| Suppress in OPAC | 0 |
| Withdrawn status | Lost status | Source of classification or shelving scheme | Damaged status | Not for loan | Home library | Current library | Shelving location | Date acquired | Total Checkouts | Full call number | Barcode | Date last seen | Copy number | Price effective from | Koha item type |
|---|---|---|---|---|---|---|---|---|---|---|---|---|---|---|---|
| Dewey Decimal Classification | London | London | Journal article | 28/02/2011 | L152377 | 152377-1001 | 06/08/2019 | 1 | 06/08/2019 | Journal article |